000 01074cam a2200301 a 4500
001 16473402
003 OSt
005 20230923135326.0
008 100923s2012 mau b 001 0 eng
010 _a 2010037146
020 _a9789380853826
020 _a9781449613525 (casebound)
040 _aDLC
_cDLC
_dDLC
042 _apcc
050 0 0 _aQA184.2
_b.C54 2012
082 0 0 _a512.5
_bCHE/L
100 1 _aCheney, E. W.
_q(Elliott Ward),
_d1929-
_99573
245 1 0 _aLinear algebra :
_btheory and applications /
_cWard Cheney, David Kincaid.
250 _a2nd ed.
260 _aSudbury, MA :
_bJones & Bartlett Learning,
_cc2012.
300 _axxiii, 624 p. ;
_c24 cm.
504 _aIncludes bibliographical references (p. 607-610) and index.
650 0 _aAlgebras, Linear.
700 1 _aKincaid, David
_q(David Ronald)
906 _a7
_bcbc
_corignew
_d1
_eecip
_f20
_gy-gencatlg
942 _2ddc
_cBK
_h512.5
_iCHE/L
_k512.5
_mCHE/L
999 _c42330
_d42330